00443nam a2200181Ia 4500008004000000020001800040041000800058082001700066100002300083245004500106260003900151300001000190650001600200650000700216650001700223650001300240650000800253210210b2011 xxu||||| |||| 00| 0 eng d a9789380937243 aeng a362.795 BHAE aBHATIA (Vinita) Ed aExploitation and trafficking of children aNew delhibAlfa publication.c2011 av,260 atrafficking aof aExploitation achildren aand